Trastornos por déficit de atención : y comorbilidades en niños, adolescentes y adultos /

Enregistré dans:
Détails bibliographiques
Auteur principal: Brown, Thomas E. (autor)
Format: Livre
Langue:espagnol
Publié: Barcelona, España : Masson, 2003, c2003
Sujets:
Tags: Ajouter un tag
Pas de tags, Soyez le premier à ajouter un tag!

MARC

LEADER 00000nam^a2200000^a^4500
001 000161796
005 20250521000000.0
009 20260310100809.249
020 |a 84-458-1092-8 
037 |a Acervo ITESO - Biblioteca 
041 |a ESP 
082 |a 616. 8589  |b BRO 
100 |a Brown, Thomas E.  |e (autor) 
245 1 0 |a Trastornos por déficit de atención :  |b y comorbilidades en niños, adolescentes y adultos /  |c T.E. Brown ; tr. por José Toro Trallero. 
264 4 |a Barcelona, España :  |b Masson,  |c 2003, c2003 
300 |a XXI, 668 p. 
336 |a texto  |b txt  |2 rdacontenido 
337 |a sin mediación  |b n  |2 rdamedio 
338 |a volumen  |b nc  |2 rdasoporte 
500 |a Traducción de: Attention-Deficit Disorders and Comorbidities in Children, Adolescents, and Adults 
649 |a XX 
650 |a Niños -  |x Condiciones Psicológicas 
650 |a Adolescentes -  |x Condiciones Psicológicas 
650 |a Adultos -  |x Condiciones Psicológicas 
650 |a Déficit de Atención 
650 |a Hiperquinesia 
650 |a Problemas de Aprendizaje 
650 |a Ansiedad 
650 |a Agresividad 
650 |a Personalidad Obsesivo-Compulsiva 
650 |a Trastornos de la Personalidad 
650 |a Trastornos del Sueño 
650 |a Farmacoterapia 
650 |a Psicoterapia 
650 |a Psicopatología 
650 |a Psicología Clínica 
650 |a Psicología 
910 |a Fondo General 
920 |a Impresos - Libros 
930 |a Colección General 
905 |a 101 
901 |a 0500093547  |b IT1  |c ACC  |u 20250521 
902 |a https://opac.biblio.iteso.mx/vufind/Record/000161796